| 000 | 00444nam a22001457a 4500 | ||
|---|---|---|---|
| 999 |
_c17492 _d17492 |
||
| 008 | 221026b ||||| |||| 00| 0 eng d | ||
| 020 | _a97801424223097 | ||
| 082 |
_22014 _aDFic _bG887 |
||
| 100 |
_aGrisham, John. _946521 |
||
| 245 |
_aTheodore Boone, the activist / _cJohn Grisham. |
||
| 260 |
_aNew York : _bPuffin Books, _c©2014. |
||
| 300 |
_a289 pages ; _c19 cm. |
||
| 650 |
_aTrials (Murder) _xJuvenile fiction. _946522 |
||
| 942 |
_2ddc _cDFIC |
||